Quiz The Boys with images - Statistiques

Statistiques générales
  • Ce quiz a été pris 10 fois
  • Le résultat moyen est 11 sur 16
Statistiques - réponses
Par images Réponse % Correct
Hughie
100%
A-train
89%
Black noir
89%
Butcher
89%
Frenchie
89%
Homelander
89%
Kimiko
78%
Soldier Boy
78%
Starlight
78%
Stormfront
67%
The deep
67%
Firecracker
56%
Queen Maeve
44%
Ryan
44%
Sister Sage
33%
Mother Milk
11%
Aucun quiz correspondant
Distribution des résultats
% des personnes avec chaque résultat
Percentile par nombre de réponses
Votre historique - résultats
Vous n’avez pas pris ce quiz